Notas metodológicas y teorías sobre los procesos de integración regional

En el presente ensayo se consideran diversos problemas teóricos y metodológicos que surgen en el estudio de los procesos de integración regional, en particular, el proceso de Integración Regional Latinoamericana. Simultáneamente se proponen algunos posibles criterios para la solución de estos proble...

Descrizione completa

Salvato in:
Dettagli Bibliografici
Autore principale: Behar, Jaime
Natura: testo
Pubblicazione: La Habana: Palacio de las Convenciones
Soggetti:
Tags: Aggiungi Tag
Nessun Tag, puoi essere il primo ad aggiungerne!!

MARC

LEADER 00000 a a2200000 04500
001 14052
003
040
090 |a 0001 S456s  
100 |a Behar, Jaime  
245 |a Notas metodológicas y teorías sobre los procesos de integración regional  
260 |a La Habana:   |b Palacio de las Convenciones  
300 |a 20 p  
520 |a En el presente ensayo se consideran diversos problemas teóricos y metodológicos que surgen en el estudio de los procesos de integración regional, en particular, el proceso de Integración Regional Latinoamericana. Simultáneamente se proponen algunos posibles criterios para la solución de estos problemas a partir de un enfoque de los mismos desde el punto de vista del materialismo histórico. Finalmente, se presenta brevemente un ejemplo de aplicación de dichos criterios  
650 |a INTEGRACION REGIONAL  
650 |a ANALISIS REGIONAL  
650 |a ASPECTOS ECONOMICOS  
650 |a ASPECTOS POLITICOS  
650 |a CONFLICTOS  
650 |a COMERCIO  
650 |a URUGUAY  
999 |c 10965  |d 10965